| 000 | 01019nam0a2200253 4500 | ||
|---|---|---|---|
| 001 | RU\NLR\BIBL_A\011810371 | ||
| 005 | 20260628175356.0 | ||
| 035 | _a(NLR Aleph) 011810371 | ||
| 090 |
_a13740365 _c13740365 |
||
| 100 | _a20181004d1960 c y0rusy50 ca | ||
| 101 | 0 | _agag | |
| 102 | _aMD | ||
| 105 | _aa j 000 y | ||
| 200 | 1 |
_aГагауз дили _e2-жи классы ичин _fД.Н. Танасоглу |
|
| 210 |
_aКишинев _cКартя молдовеняскэ _d1960 |
||
| 215 |
_a94, [1] с. _cил. _d22 |
||
| 541 | 1 |
_aГагаузский язык _eдля 2 кл. гагауз. шк. _zrus |
|
| 606 | 1 |
_aГагаузский язык _jУчебные издания для начальной школы _92222280 _3RU\NLR\AUTH\661334338 |
|
| 686 | 1 | _aШ163.15-921 | |
| 700 | 1 |
_aТанасогло _bД. Н. _f1922-2005 _gДионисий Николаевич _4070 |
|
| 852 |
_aNLR _bОНЛ _jГагауз./3-9 |
||
| 942 | _cBOOK | ||
| 980 | _aNB | ||